000 00460nam a2200181Ia 4500
001 9679
005 20260306161736.0
008 260306t1994||||xx |||||||||||||| ||spa||
041 _aESP
082 _a392.3985
_bC76
100 _aCongreso Internacional de Familia
_eAUT
245 0 _aLa familia, corazón de la civilización del amor
260 _c1994
300 _a159 páginas :
_c20 cm.
650 _aGEN
654 _aCHU
942 _cLIB
_dJUS
_fJUS
_2ddc
_n
999 _c9679
_d9679